GPRS impact on GSM network - implementation, troubleshooting and performance

Guardado en:
Detalles Bibliográficos
Autor principal: A/Kadir, Mansur Mohamed (Autor)
Otros Autores: Szilagyi, František (Orientador)
Formato: Manuscrito Libro
Lenguaje:inglés
Publicado: Bratislava : STU v Bratislave FEI, 2004
Materias:
Etiquetas: Agregar Etiqueta
Sin Etiquetas, Sea el primero en etiquetar este registro!

MARC

LEADER 00000ntm a22000003a 4500
001 stu92626
005 20160719164657.3
008 050126s2004------------------------eng-d
040 |a STU  |b slo 
041 0 |a eng 
100 1 |a Szilagyi, František  |4 ths 
245 1 |a GPRS impact on GSM network - implementation, troubleshooting and performance 
260 |a Bratislava :  |b STU v Bratislave FEI,  |c 2004 
300 |a 61 s 
650 7 |a automatizácia  |2 stusub 
700 1 |a A/Kadir, Mansur Mohamed  |4 aut